书目信息 |
| 题名: |
去依附:中国化解第一次经济危机的真实经验
|
|
| 作者: | 董筱丹 , 温铁军 | |
| 分册: | ||
| 出版信息: | 北京 东方出版社 2020 |
|
| 页数: | 276页 | |
| 开本: | 26cm | |
| 丛书名: | ||
| 单 册: | ||
| 中图分类: | F129.6 | |
| 科图分类: | ||
| 主题词: | 经济--中国 | |
| 电子资源: | ||
| ISBN: | 978-7-5207-1073-2 | |
| 000 | 00639nam0 2200193 45 | |
| 001 | 2462985256 | |
| 005 | 20240909173346.49 | |
| 010 | @a978-7-5207-1073-2@dCNY56.00 | |
| 100 | @a20211004d km y0chiy0120 ea | |
| 101 | 0 | @achi |
| 200 | 1 | @a去依附:中国化解第一次经济危机的真实经验@AQu Yi Fu:Zhong Guo Hua Jie Di Yi Ci Jing Ji Wei Ji De Zhen Shi Jing Yan@f董筱丹,温铁军@FDong Xiao Dan,Wen Tie Jun |
| 210 | @a北京@c东方出版社@d2020 | |
| 215 | @a276页@d26cm | |
| 606 | 0 | @a经济@x中国 |
| 690 | @aF129.6@v4 | |
| 701 | 0 | @a董筱丹@ADong Xiao Dan |
| 701 | 0 | @a温铁军@AWen Tie Jun |
| 801 | 0 | @aCN@bPFT@c20211215 |
| 905 | @a10447@b6510974@e124@dF129.6 | |
| 去依附:中国化解第一次经济危机的真实经验/董筱丹,温铁军.-北京:东方出版社,2020 |
| 276页;26cm |
| ISBN 978-7-5207-1073-2:CNY56.00 |
| ● |
| 相关链接 |
|
|
|
|
正题名:去依附:中国化解第一次经济危机的真实经验
索取号:F129.6/124
 
预约/预借
| 序号 | 登录号 | 条形码 | 馆藏地/架位号 | 状态 | 备注 |
| 1 | 1053563 | 210535633 | 第一样本阅览室/ [索取号:F129.6/124] |
已借出,限还日期为2034.09.11 借出人:宋晓敏 |